000
00407nam a2200145Ia 4500
008
090124s9999 xx 000 0 und d
082
_b
201369
245
_a
कोंबडयाचे रोग
250
_a
1
260
_b
वैद्य वसंत
_c
1970
300
_a
68
630
_a
कोंबडयाचे रोग
730
_a
कोंबडयाचे रोग
942
_c
BOOK
999
_c
182950
_d
182950